| 000 | 01087nam a2200277Ia 4500 | ||
|---|---|---|---|
| 003 | OSt | ||
| 005 | 20221005103843.0 | ||
| 006 | a|||||r|||| 00| 0 | ||
| 007 | ta | ||
| 008 | 221004b |||||||| |||| 00| 0 hin d | ||
| 020 |
_a8186504249 (hbk) _c200 |
||
| 024 | _a121075 | ||
| 037 |
_b13331, 17/07/2012, Kitab Ghar _cTextual |
||
| 040 |
_aCRL _cCRL _bhin |
||
| 041 |
_2hin _ahin |
||
| 082 | _aO15,3H00,1, 152Q1 | ||
| 100 | _aअनेजा, हरिवंश | ||
| 245 | 0 | _aहितोपदेश की शिक्षाप्रद की कहानियां | |
| 246 | _aHitopadesh kī shikṣhāprad kī kahāniyāan | ||
| 260 |
_aदिल्ली _bएच. के. बुक्स भारत _c2011 |
||
| 300 |
_a167पृ0 _ccm. |
||
| 490 | _aभारतीय साहित्य एवं संस्कृति माला; 10 | ||
| 650 | _aहिन्दी साहित्य | ||
| 942 |
_hO15,3H00,1, 152Q1 _cTEXL _2cc |
||
| 999 |
_c1011099 _d1011099 |
||